<?xml version="1.0" encoding="UTF-8"?>
<marc:record xmlns:marc="http://www.loc.gov/MARC21/slim">
   <marc:leader>00000nam a2200000 a 4500</marc:leader>
   <marc:datafield ind1="1" ind2=" " tag="100">
      <marc:subfield code="a">Städing, Sabine</marc:subfield>
      <marc:subfield code="4">aut</marc:subfield>
      <marc:subfield code="e">Verfasser/-in</marc:subfield>
   </marc:datafield>
   <marc:datafield ind1=" " ind2=" " tag="653">
      <marc:subfield code="a">Magie</marc:subfield>
   </marc:datafield>
   <marc:datafield ind1=" " ind2=" " tag="653">
      <marc:subfield code="a">Tiere</marc:subfield>
   </marc:datafield>
   <marc:datafield ind1=" " ind2=" " tag="653">
      <marc:subfield code="a">Hexen</marc:subfield>
   </marc:datafield>
   <marc:datafield ind1=" " ind2=" " tag="653">
      <marc:subfield code="a">Garten</marc:subfield>
   </marc:datafield>
   <marc:datafield ind1=" " ind2=" " tag="653">
      <marc:subfield code="a">Feste</marc:subfield>
   </marc:datafield>
   <marc:datafield ind1=" " ind2=" " tag="653">
      <marc:subfield code="a">Sommer</marc:subfield>
   </marc:datafield>
   <marc:datafield ind1="0" ind2="0" tag="245">
      <marc:subfield code="a">Petronella Apfelmus</marc:subfield>
   </marc:datafield>
   <marc:datafield ind1="0" ind2="0" tag="245">
      <marc:subfield code="b">Jugendbuch ab 8 - 10 Jahren; Band 7</marc:subfield>
   </marc:datafield>
   <marc:datafield ind1=" " ind2="1" tag="264">
      <marc:subfield code="b">Verlagsgruppe Lübbe GmbH  Co. KG</marc:subfield>
      <marc:subfield code="c">2019</marc:subfield>
   </marc:datafield>
   <marc:datafield ind1="1" ind2=" " tag="490">
      <marc:subfield code="a">Petronella Apfelmus</marc:subfield>
   </marc:datafield>
   <marc:datafield ind1="1" ind2=" " tag="520">
      <marc:subfield code="a">Klappentext: Petronella ist aufgeregt. Die Walpurgisnacht naht, und in diesem Jahr findet die große Hexenparty in ihrem Garten statt! Natürlich möchten auch Lea und Luis dabei sein. Obwohl Menschen auf keinen Fall zugelassen sind, schmuggeln die Apfelmännchen die Zwillinge ein. Aber sind die beiden auf dem Fest wirklich sicher? Und dann steht auch noch die Verleihung des goldenen Hexenzopfes an. Petronella würde diese Auszeichnung so gern erhalten. Aber darauf spekuliert auch die fiese Hexobine Höckerbein...  Biografie Sabine Städing wurde in Hamburg geboren und hat sich schon als Kind gerne Geschichten ausgedacht. Nach ihren drei Büchern rund um das Mädchen Magnolia Steel, das herausfindet, dass sie eine Hexe ist, schreibt sie inzwischen Bücher für jüngere Kinder. Auch in ihrer aktuellen Buchreihe steht mit Petronella Apfelmus wieder eine Hexe im Mittelpunkt. Das Buch wurde mit dem Leipziger Lesekompass 2015 ausgezeichnet.</marc:subfield>
   </marc:datafield>
   <marc:datafield ind1=" " ind2=" " tag="020">
      <marc:subfield code="a">9783414825469</marc:subfield>
      <marc:subfield code="9">9783414825469</marc:subfield>
   </marc:datafield>
</marc:record>
